Ordenanzas fiscales municipales tipo
Publicado:
[Madrid] :
Ministerio de Hacienda, Secretaría General Técnica, Servicio de Publicaciones, DL 1970
Descripción Física:
499 p., [1] full pleg. ; 24 cm
Otros Autores:
Espanya. Ministerio de Hacienda. Servicio de Publicaciones
MARC
| LEADER | 00000nam a2200000Ia 4500 | ||
|---|---|---|---|
| 001 | 14127 | ||
| 008 | 160829s9999 xx 000 0 cat d | ||
| 080 | |a M-4-130 | ||
| 245 | |a Ordenanzas fiscales municipales tipo | ||
| 260 | |a [Madrid] : |b Ministerio de Hacienda, Secretaría General Técnica, Servicio de Publicaciones, DL 1970 | ||
| 300 | |a 499 p., [1] full pleg. ; |c 24 cm | ||
| 590 | |a Títol a la coberta: Ordenanzas-tipo de la hacienda municipal | ||
| 650 | 0 | |a Finances locals |x Dret i legislació |x Espanya |9 23875 | |
| 650 | |a Ordenances municipals |x Espanya |9 27606 | ||
| 700 | |a Espanya. Ministerio de Hacienda. Servicio de Publicaciones |9 27607 | ||
| 901 | |a Arxiu | ||
| 942 | |n 1 | ||
| 952 | |0 0 |1 0 |4 0 |6 M4130 |7 1 |9 44468 |a Arxiu |b Arxiu |d 2016-12-01 |l 0 |o M-4-130 |p 14127 |r 2016-12-01 00:00:00 |w 2016-12-01 |y ARXIU | ||
| 999 | |c 47049 |d 47049 | ||